000 00516nam a2200157 a 4500
008 120416s1987 xx |||||||||||||| || u
020 _a0574194576
050 _aHB 171.5 Hey
100 _aHeyne, Paul
245 1 4 _aThe economic way of thinking: study guide
250 _a5th ed.
260 _c1987
350 _a0.00
650 _aECONOMICS--STUDY AND TEACHING
995 _D0.00
_FCBU-MAIN LIBRARY (Kitwe)
_H1
_I6.50
_M1
_UDAMAGED
_ZMain Library Open Access Collection
999 _c40946
_d40946